<?xml version="1.0" encoding="UTF-8"?>
<record
    xmlns:xsi="http://www.w3.org/2001/XMLSchema-instance"
    xsi:schemaLocation="http://www.loc.gov/MARC21/slim http://www.loc.gov/standards/marcxml/schema/MARC21slim.xsd"
    xmlns="http://www.loc.gov/MARC21/slim">

  <leader>02526cam a2200601 i 4500</leader>
  <controlfield tag="001">xx004846904</controlfield>
  <controlfield tag="003">NUKAT</controlfield>
  <controlfield tag="005">20260427131405.0</controlfield>
  <controlfield tag="008">200422s2019    pl a   g     |001 0dpol c</controlfield>
  <datafield tag="020" ind1=" " ind2=" ">
    <subfield code="a">9788380906969</subfield>
    <subfield code="q">(wersja drukowana)</subfield>
  </datafield>
  <datafield tag="020" ind1=" " ind2=" ">
    <subfield code="a">9788380906976</subfield>
    <subfield code="q">(wersja elektroniczna)</subfield>
  </datafield>
  <datafield tag="020" ind1=" " ind2=" ">
    <subfield code="a">9788380988118</subfield>
    <subfield code="q">(wersja drukowana IPN)</subfield>
  </datafield>
  <datafield tag="020" ind1=" " ind2=" ">
    <subfield code="a">9788380988125</subfield>
    <subfield code="q">(wersja elektroniczna IPN)</subfield>
  </datafield>
  <datafield tag="035" ind1=" " ind2=" ">
    <subfield code="a">(OCoLC)1153291905</subfield>
  </datafield>
  <datafield tag="035" ind1=" " ind2=" ">
    <subfield code="a">(NUKAT)xx004846904</subfield>
  </datafield>
  <datafield tag="040" ind1=" " ind2=" ">
    <subfield code="a">KAT U/AM</subfield>
    <subfield code="b">pol</subfield>
    <subfield code="e">rda</subfield>
    <subfield code="c">KAT U/AMs</subfield>
    <subfield code="d">KAT U/AM</subfield>
    <subfield code="d">KR 253/MH</subfield>
    <subfield code="d">WA 14/ABs</subfield>
  </datafield>
  <datafield tag="045" ind1="2" ind2=" ">
    <subfield code="b">d1913</subfield>
    <subfield code="b">d2013</subfield>
  </datafield>
  <datafield tag="046" ind1=" " ind2=" ">
    <subfield code="k">2019</subfield>
  </datafield>
  <datafield tag="100" ind1="1" ind2=" ">
    <subfield code="a">Jagodzi&#x144;ska, Anna</subfield>
    <subfield code="d">(1951- ).</subfield>
    <subfield code="e">Autor</subfield>
    <subfield code="9">15776</subfield>
  </datafield>
  <datafield tag="245" ind1="1" ind2="0">
    <subfield code="a">Kustosz pami&#x119;ci :</subfield>
    <subfield code="b">ksi&#x105;dz Leon St&#x119;pniak (1913-2013) wi&#x119;zie&#x144; Dachau i Mauthausen-Gusen /</subfield>
    <subfield code="c">Anna Jagodzi&#x144;ska.</subfield>
  </datafield>
  <datafield tag="260" ind1=" " ind2=" ">
    <subfield code="a">Warszawa :</subfield>
    <subfield code="b">Wydawnictwo Naukowe Uniwersytetu Kardyna&#x142;a Stefana Wyszy&#x144;skiego :</subfield>
    <subfield code="b">Instytut Pami&#x119;ci Narodowej - Komisja &#x15A;cigania Zbrodni przeciwko Narodowi Polskiemu,</subfield>
    <subfield code="c">2019.</subfield>
  </datafield>
  <datafield tag="300" ind1=" " ind2=" ">
    <subfield code="a">436 stron, [16] stron tablic :</subfield>
    <subfield code="b">ilustracje ;</subfield>
    <subfield code="c">25 cm.</subfield>
  </datafield>
  <datafield tag="336" ind1=" " ind2=" ">
    <subfield code="a">Tekst</subfield>
    <subfield code="b">txt</subfield>
    <subfield code="2">rdacontent</subfield>
  </datafield>
  <datafield tag="337" ind1=" " ind2=" ">
    <subfield code="a">Bez urz&#x105;dzenia po&#x15B;rednicz&#x105;cego</subfield>
    <subfield code="b">n</subfield>
    <subfield code="2">rdamedia</subfield>
  </datafield>
  <datafield tag="338" ind1=" " ind2=" ">
    <subfield code="a">Wolumin</subfield>
    <subfield code="b">nc</subfield>
    <subfield code="2">rdacarrier</subfield>
  </datafield>
  <datafield tag="380" ind1=" " ind2=" ">
    <subfield code="a">Ksi&#x105;&#x17C;ki</subfield>
  </datafield>
  <datafield tag="380" ind1=" " ind2=" ">
    <subfield code="a">Publikacje naukowe</subfield>
  </datafield>
  <datafield tag="388" ind1="1" ind2=" ">
    <subfield code="a">2001-</subfield>
  </datafield>
  <datafield tag="490" ind1="1" ind2=" ">
    <subfield code="a">W S&#x142;u&#x17C;bie Niepodleg&#x142;ej</subfield>
  </datafield>
  <datafield tag="504" ind1=" " ind2=" ">
    <subfield code="a">Indeks.</subfield>
  </datafield>
  <datafield tag="600" ind1="1" ind2="7">
    <subfield code="a">St&#x119;pniak, Leon</subfield>
    <subfield code="d">(1913-2013)</subfield>
    <subfield code="2">DBN</subfield>
    <subfield code="9">40662</subfield>
  </datafield>
  <datafield tag="600" ind1="1" ind2="7">
    <subfield code="a">St&#x119;pniak, Leon</subfield>
    <subfield code="d">(1913-2013).</subfield>
    <subfield code="2">kaba</subfield>
    <subfield code="9">40663</subfield>
  </datafield>
  <datafield tag="610" ind1="2" ind2="7">
    <subfield code="a">Dachau (niemiecki ob&#xF3;z koncentracyjny)</subfield>
    <subfield code="2">DBN</subfield>
    <subfield code="9">40664</subfield>
  </datafield>
  <datafield tag="610" ind1="2" ind2="7">
    <subfield code="a">Mauthausen (niemiecki ob&#xF3;z koncentracyjny)</subfield>
    <subfield code="2">DBN</subfield>
    <subfield code="9">40665</subfield>
  </datafield>
  <datafield tag="648" ind1=" " ind2="7">
    <subfield code="a">1901-2000</subfield>
    <subfield code="2">DBN</subfield>
    <subfield code="9">34996</subfield>
  </datafield>
  <datafield tag="648" ind1=" " ind2="7">
    <subfield code="a">2001-</subfield>
    <subfield code="2">DBN</subfield>
    <subfield code="9">36393</subfield>
  </datafield>
  <datafield tag="650" ind1=" " ind2="7">
    <subfield code="a">Duchowie&#x144;stwo katolickie</subfield>
    <subfield code="2">DBN</subfield>
    <subfield code="9">35375</subfield>
  </datafield>
  <datafield tag="650" ind1=" " ind2="7">
    <subfield code="a">Wi&#x119;&#x17A;niowie oboz&#xF3;w</subfield>
    <subfield code="2">DBN</subfield>
    <subfield code="9">36983</subfield>
  </datafield>
  <datafield tag="651" ind1=" " ind2="7">
    <subfield code="a">Dachau (Niemcy)</subfield>
    <subfield code="2">DBN</subfield>
    <subfield code="9">40666</subfield>
  </datafield>
  <datafield tag="651" ind1=" " ind2="7">
    <subfield code="a">Mauthausen (Austria)</subfield>
    <subfield code="2">DBN</subfield>
    <subfield code="9">40667</subfield>
  </datafield>
  <datafield tag="651" ind1=" " ind2="7">
    <subfield code="a">Polska</subfield>
    <subfield code="2">DBN</subfield>
    <subfield code="9">35076</subfield>
  </datafield>
  <datafield tag="655" ind1=" " ind2="7">
    <subfield code="a">Biografia</subfield>
    <subfield code="2">DBN</subfield>
    <subfield code="9">35059</subfield>
  </datafield>
  <datafield tag="658" ind1=" " ind2=" ">
    <subfield code="a">Historia</subfield>
  </datafield>
  <datafield tag="658" ind1=" " ind2=" ">
    <subfield code="a">Religia i duchowo&#x15B;&#x107;</subfield>
  </datafield>
  <datafield tag="710" ind1="2" ind2=" ">
    <subfield code="a">Instytut Pami&#x119;ci Narodowej - Komisja &#x15A;cigania Zbrodni przeciwko Narodowi Polskiemu.</subfield>
    <subfield code="e">Wydawca</subfield>
    <subfield code="4">pbl</subfield>
    <subfield code="9">11792</subfield>
  </datafield>
  <datafield tag="710" ind1="2" ind2=" ">
    <subfield code="a">Uniwersytet Kardyna&#x142;a Stefana Wyszy&#x144;skiego (Warszawa).</subfield>
    <subfield code="b">Wydawnictwo.</subfield>
    <subfield code="e">Wydawca</subfield>
    <subfield code="4">pbl</subfield>
    <subfield code="9">18588</subfield>
  </datafield>
  <datafield tag="830" ind1=" " ind2="0">
    <subfield code="a">W S&#x142;u&#x17C;bie Niepodleg&#x142;ej</subfield>
    <subfield code="9">40668</subfield>
  </datafield>
  <datafield tag="920" ind1=" " ind2=" ">
    <subfield code="a">978-83-8090-696-9 (wersja drukowana)</subfield>
  </datafield>
  <datafield tag="920" ind1=" " ind2=" ">
    <subfield code="a">978-83-8090-697-6 (wersja elektroniczna)</subfield>
  </datafield>
  <datafield tag="920" ind1=" " ind2=" ">
    <subfield code="a">978-83-8098-811-8 (wersja drukowana IPN)</subfield>
  </datafield>
  <datafield tag="920" ind1=" " ind2=" ">
    <subfield code="a">978-83-8098-812-5 (wersja elektroniczna IPN)</subfield>
  </datafield>
  <datafield tag="942" ind1=" " ind2=" ">
    <subfield code="2">ddc</subfield>
    <subfield code="c">BK_NM</subfield>
  </datafield>
  <datafield tag="999" ind1=" " ind2=" ">
    <subfield code="c">27802</subfield>
    <subfield code="d">27802</subfield>
  </datafield>
  <datafield tag="952" ind1=" " ind2=" ">
    <subfield code="0">0</subfield>
    <subfield code="1">0</subfield>
    <subfield code="2">ddc</subfield>
    <subfield code="4">0</subfield>
    <subfield code="7">0</subfield>
    <subfield code="8">K_mag</subfield>
    <subfield code="a">BIP</subfield>
    <subfield code="b">BIP</subfield>
    <subfield code="d">2020-11-30</subfield>
    <subfield code="e">D-36/2020</subfield>
    <subfield code="f">D</subfield>
    <subfield code="g">28.00</subfield>
    <subfield code="i">59943</subfield>
    <subfield code="l">0</subfield>
    <subfield code="o">59943</subfield>
    <subfield code="p">IPWK24047</subfield>
    <subfield code="r">2026-04-27 13:15:44</subfield>
    <subfield code="w">2026-04-27</subfield>
    <subfield code="y">BK_NM</subfield>
  </datafield>
</record>
